Auditoria Energética de las Áreas Generación de Vapor y Sistema Neumático en la Embotelladora Nacional S. A. ENSA
El presente trabajo monográfico tiene como objetivo mostrar la importancia de la auditoria energética interna, como el proceso interactivo con miras a mejorar la eficiencia energética de equipos y procesos industriales. El estudio energético consistió específicamente en practicar el diagnostic...
| Main Authors: | , |
|---|---|
| Other Authors: | |
| Format: | Tesis Section = Libro |
| Language: | Undetermined Spanish |
| Published: |
Managua
UNI
2002
|
| Subjects: |
| LEADER | 01225nam a2200241Ia 4500 | ||
|---|---|---|---|
| 008 | 240830s9999 xx 000 0 und d | ||
| 040 | |a BIBLIOTECA-RUPAP MON 621.1 C347 | ||
| 041 | |a spa | ||
| 082 | |a MON 621.1 C347 | ||
| 100 | 1 | |a Castellón Reyes, Jaime Eduardo | |
| 100 | 1 | |b Rivera Huembés, Mario David | |
| 245 | 1 | 0 | |a Auditoria Energética de las Áreas Generación de Vapor y Sistema Neumático en la Embotelladora Nacional S. A. ENSA |
| 260 | |a Managua |b UNI |c 2002 | ||
| 300 | |a 231 p. :il. | ||
| 500 | |a Contiene: anexos. | ||
| 502 | |a Tesis (Ingeniero Mecánico)- UNI, 2002. | ||
| 520 | 3 | |a El presente trabajo monográfico tiene como objetivo mostrar la importancia de la auditoria energética interna, como el proceso interactivo con miras a mejorar la eficiencia energética de equipos y procesos industriales. El estudio energético consistió específicamente en practicar el diagnostico energético de segundo grado en las áreas: generación de vapor y sistema neumático de la empresa Embotelladora Nacional, S.A. ENSA. | |
| 650 | 7 | |a VAPOR - ENERGIA | |
| 650 | 7 | |b AREAS DE VAPOR Y NEUMATICA | |
| 700 | 1 | |a Tutor: |b Pavón López, Alex Arnoldo | |
| 942 | |c BK |2 ddc | ||
| 991 | |a TESIS | ||
| 999 | |c 15705 | ||